| 000 | 00599cam a2200169Ia 4500 | ||
|---|---|---|---|
| 040 | _cGPO | ||
| 082 | _a334 FAO 2018 A042 Or. | ||
| 245 | 0 | 0 | _aThe state of Food and agriculture : Migration,Agriculture and rural development |
| 260 |
_a[Washington, D.C.?] : _bUnited States General Accounting Office, Resources, Community, and Economic Development Division, _c1993. |
||
| 300 |
_a6 p. ; _c22 x 11 cm. |
||
| 500 | _a"June 1993." | ||
| 500 | _aShipping list no.: 93-0434-P. | ||
| 650 | 0 | _aAgriculture and state | |
| 650 | 0 | _aAgricultural administration | |
| 710 | 1 | _aUnited States. | |
| 942 | _cAEDBB | ||
| 999 |
_c21023 _d21023 |
||